Online
Catalog

Examen crítico de estudios literarios burgueses / (Record no. 20860)

MARC details
000 -CABECERA
campo de control de longitud fija 01023nam a2200253 a 4500
001 - NÚMERO DE CONTROL
campo de control 000021360
005 - FECHA Y HORA DE LA ÚLTIMA TRANSACCIÓN
campo de control 20200930011316.0
008 - DATOS DE LONGITUD FIJA--INFORMACIÓN GENERAL
campo de control de longitud fija 100906s1977 cu r 000 e spa d
040 ## - FUENTE DE LA CATALOGACIÓN
Centro catalogador/agencia de origen DO-SdBNP
Lengua de catalogación spa
Centro/agencia transcriptor BNPHU
082 ## - NÚMERO DE LA CLASIFICACIÓN DECIMAL DEWEY
Número de clasificación 891.7
Número de documento/Ítem F898e
049 ## - FONDOS LOCALES (OCLC)
Fondos de biblioteca BNGR
100 1# - ENTRADA PRINCIPAL--NOMBRE DE PERSONA
Nombre de persona Fridlender, G.M.
9 (RLIN) 44596
240 10 - TÍTULO UNIFORME
Título uniforme K. kritike metodologuicheskij kontseptsii sovremenovo buryuaznovo literaturovedenia.
Lenguaje de la obra Español
245 10 - MENCIÓN DE TÍTULO
Título Examen crítico de estudios literarios burgueses /
Mención de responsabilidad, etc. G.M. Fridlender ; prólogo, Elena Jorge.
260 ## - PUBLICACIÓN, DISTRIBUCIÓN, ETC.
Lugar de publicación, distribución, etc. La Habana :
Nombre del editor, distribuidor, etc. Arte y Literatura,
Fecha de publicación, distribución, etc. 1977.
300 ## - DESCRIPCIÓN FÍSICA
Extensión 103p. ;
Dimensiones 18 cm.
490 1# - MENCIÓN DE SERIE
Mención de serie Cuadernos de Arte y Sociedad
500 ## - NOTA GENERAL
Nota general Incluye referencias bibliográficas y notas al pie de las páginas
534 ## - NOTA SOBRE LA VERSIÓN ORIGINAL
Encabezamiento principal del original Título del original en ruso:
Mención de título del original K. kritike metodologuicheskij kontseptsii sovremenovo buryuaznovo literaturovedenia
650 #4 - PUNTO DE ACCESO ADICIONAL DE MATERIA--TÉRMINO DE MATERIA
Término de materia o nombre geográfico como elemento de entrada Ensayos rusos
9 (RLIN) 44597
650 #4 - PUNTO DE ACCESO ADICIONAL DE MATERIA--TÉRMINO DE MATERIA
Término de materia o nombre geográfico como elemento de entrada Literatura rusa
9 (RLIN) 4743
700 1# - PUNTO DE ACCESO ADICIONAL--NOMBRE DE PERSONA
Nombre de persona Jorge, Elena
Término indicativo de función/relación pról.
9 (RLIN) 44598
830 #0 - PUNTO DE ACCESO ADICIONAL DE SERIE-TÍTULO UNIFORME
Título uniforme Cuadernos de Arte y Sociedad
9 (RLIN) 44599
Holdings
Estado de retiro Estado de pérdida Restricciones de uso No para préstamo Código de colección Localización permanente Ubicación/localización actual Ubicación en estantería Fecha de adquisición Número de inventario Total de préstamos Signatura topográfica completa Código de barras Fecha visto por última vez Precio válido a partir de Tipo de ítem Koha Número de copia
      Excluido de préstamo Monografías: Libros y Folletos General General En catalogación 06.09.2010 LF1   891.7 F898e 21360-10 25.06.2020 25.06.2020 No se presta  
      Excluido de préstamo Monografías: Libros y Folletos General General En catalogación 06.09.2010 LF1   891.7 F898e 21360-20 25.06.2020 25.06.2020 No se presta e.2

Powered by Koha